000 00459nmm a2200169Ia 4500
008 251105s9999||||xx |||||||||||||||||und||
041 _aspa
100 _aKennen, Ally
245 0 _aLa bestia
264 _a[Madrid, España] :
_bLa Galera,
_c2010
300 _a182 páginas
650 _aTeen & Young Adult Fiction
700 _aKennen, Ally
700 1 _a Mazzanti, Marcelo E.
856 _uhttps://public.digitaliapublishing.com/a/32427
942 _cCF
999 _c67431
_d67431